Mapping the secular mind : (Record no. 12463)
[ view plain ]
| 000 -LEADER | |
|---|---|
| fixed length control field | 00926nam a2200301 a 4500 |
| 001 - CONTROL NUMBER | |
| JCCL Control Number | 12463 |
| 003 - CONTROL NUMBER IDENTIFIER | |
| JCCL marc code | BD-JhCC |
| 005 - DATE AND TIME OF LATEST TRANSACTION | |
| control field | 20220226085822.0 |
| 008 - FIXED-LENGTH DATA ELEMENTS--GENERAL INFORMATION | |
| fixed length control field | 220226s2013 enk b 000 0 eng d |
| 020 ## - INTERNATIONAL STANDARD BOOK NUMBER | |
| International Standard Book Number | 9781565645943 |
| 020 ## - INTERNATIONAL STANDARD BOOK NUMBER | |
| International Standard Book Number | 9781565645936 |
| 035 ## - SYSTEM CONTROL NUMBER | |
| system control number | (BD-JhCC)12463 |
| 038 ## - RECORD CONTENT LICENSOR | |
| Record content licensor | UkLoRLUK |
| 040 ## - CATALOGING SOURCE | |
| Original cataloging agency | StGlU |
| Description conventions | rda |
| Transcribing agency | StGlU |
| Modifying agency | UkOxU |
| -- | BD-JhCC |
| 041 ## - LANGUAGE CODE | |
| Language code of Book | eng |
| 082 ## - DEWEY DECIMAL CLASSIFICATION NUMBER | |
| Classification number | 297.27 |
| Author mark and Year | ALI 2013 |
| 100 1# - MAIN ENTRY--PERSONAL NAME | |
| Personal name | Ali, Haggag. |
| 245 10 - TITLE STATEMENT | |
| Title | Mapping the secular mind : |
| Remainder of title | modernity's quest for a godless utopia / |
| Statement of responsibility, etc | Haggag Ali. |
| 260 ## - PUBLICATION, DISTRIBUTION, ETC. (IMPRINT) | |
| Place of publication, distribution, etc | London : |
| Name of publisher, distributor, etc | The International Institute of Islamic Thought, |
| Date of publication, distribution, etc | 2013. |
| 300 ## - PHYSICAL DESCRIPTION | |
| Pagination | xi, 209 pages ; |
| Dimensions | 23 cm |
| 504 ## - BIBLIOGRAPHY, ETC. NOTE | |
| Bibliography, etc | Includes bibliographical references (pages 203-209) |
| 600 10 - SUBJECT ADDED ENTRY--PERSONAL NAME | |
| Personal name | Elmessiri, Abdelwahab M., |
| Dates associated with a name | 1938-2008. |
| 600 10 - SUBJECT ADDED ENTRY--PERSONAL NAME | |
| Personal name | Bauman, Zygmunt, |
| Dates associated with a name | 1925-2017. |
| 650 #0 - SUBJECT ADDED ENTRY--TOPICAL TERM | |
| Topical term or geographic name as entry element | Secularism. |
| 650 #0 - SUBJECT ADDED ENTRY--TOPICAL TERM | |
| Topical term or geographic name as entry element | Civilization, Modern. |
| 650 #0 - SUBJECT ADDED ENTRY--TOPICAL TERM | |
| Topical term or geographic name as entry element | Gnosticism. |
| 942 ## - ADDED ENTRY ELEMENTS (KOHA) | |
| Source of classification or shelving scheme | Dewey Decimal Classification |
| Koha item type | Books |
| Source of classification or shelving scheme | Damaged status | Not for loan | Home library | Current library | Shelving location | Date of accession | Cost, normal purchase price | Total Checkouts | Full call number | Barcode | Date last seen | Copy number | Koha item type |
|---|---|---|---|---|---|---|---|---|---|---|---|---|---|
| Dewey Decimal Classification | JCC Rouf Library | JCC Rouf Library | General Stacks | 06/01/2021 | 300.00 | 297.27 ALI 2013 | 16718 | 02/26/2022 | C-1 | Books |